Statistiques concernant Afrique - Série 09

Cliquez ici pour prendre le quiz!

Statistiques générales

  • Ce quiz a été pris 73 fois
  • Le résultat moyen est 7 sur 10

Statistiques - réponses

QuestionRéponse% Correct
Quel est le plus petit état en superficie du Maghreb ?Tunisie
98%
Dans quel pays la guerre civile a-t-elle opposé en 1994 hutus et tutsis ?Rwanda
92%
Quel est le pays situé à l'extrémité orientale de la Corne de l'Afrique ?Somalie
90%
Quel pays détient le record de la fécondité, avec en moyenne 7, 6 enfants par femme ?Niger
87%
De quel pays le groupe terroriste Boko Haram est-il originaire ?Nigeria
77%
Capitale du BurundiBujumbura
73%
De quel pays Idi Amin Dada fut-il le président de 1971 à 1979 ?Ouganda
55%
"Un peuple un but une foi" est la devise de quel pays ?Mali
52%
Quelle est la nationalité du chirurgien Christiaan Barnard ?sud africaine
24%
Quelle est la monnaie du Lesotho ?Loti
11%

Distribution des résultats

Percentile par nombre de réponses

% des personnes avec chaque résultat

Votre développement - résultats

Vous n’avez pas pris ce quiz